000 003080000a22001450004500
003 MACL
040 _aMACL
090 _c2781
_d2781
100 _aShah, A.M.
245 _aSocial Structure And Change
_bVol 1
260 _bSage Publications
_c1996
350 _a165
650 _aBiography
942 _cBOOK
_k300
999 _c2762
_d2762